Estudios de lejislación [sic] y de jurisprudencia / (Record no. 161224)
[ view plain ]
| 000 -LEADER | |
|---|---|
| campo de control de longitud fija | 00826nam a2200217 4500 |
| 001 - NÚMERO DE CONTROL | |
| campo de control | 161224 |
| 003 - IDENTIFICADOR DE NÚMERO DE CONTROL | |
| campo de control | ES-MaACL |
| 005 - FECHA Y HORA DE LA ÚLTIMA TRANSACCIÓN | |
| campo de control | 20250809062541.0 |
| 008 - DATOS DE LONGITUD FIJA--INFORMACIÓN GENERAL | |
| campo de control de longitud fija | 950306s1843 sp |||| | spa d |
| 080 ## - NÚMERO DE LA CLASIFICACIÓN DECIMAL UNIVERSAL | |
| Número de la Clasificación Decimal Universal | 34(07) |
| 100 1# - ENTRADA PRINCIPAL--NOMBRE DE PERSONA | |
| Nombre de persona | Pacheco, Joaquín Francisco, |
| Fechas asociadas al nombre | 1808-1865 |
| 9 (RLIN) | 88121 |
| 245 10 - MENCIÓN DEL TÍTULO | |
| Título | Estudios de lejislación [sic] y de jurisprudencia / |
| Mención de responsabilidad, etc. | por Joaquín Francisco Pacheco. |
| 260 ## - PUBLICACIÓN, DISTRIBUCIÓN, ETC. | |
| Lugar de publicación, distribución, etc. | Madrid : |
| Nombre del editor, distribuidor, etc. | [s.n.], |
| Fecha de publicación, distribución, etc. | 1843 ( |
| Fabricante | Imp. de la Viuda de Jordán e Hijos) |
| 300 ## - DESCRIPCIÓN FÍSICA | |
| Extensión | VI, 285 p. ; |
| Dimensiones | 23 cm. |
| 530 ## - NOTA DISPONIBLE DE FORMULARIO FÍSICO ADICIONAL | |
| Nota de formato físico adicional disponible | Disponible en formato digital. |
| 650 07 - PUNTO DE ACCESO ADICIONAL DE MATERIA--TÉRMINO DE MATERIA | |
| Término de materia o nombre geográfico como elemento de entrada | Derecho |
| Fuente del encabezamiento o término | embne |
| 9 (RLIN) | 11602 |
| 740 02 - ENTRADA AGREGADA--TÍTULO RELACIONADO/ANALÍTICO NO CONTROLADO | |
| Título relacionado o analítico no controlado | Estudios de legislación y de jurisprudencia. |
| 852 ## - LOCALIZACIÓN | |
| Ubicación | ES-MaACL |
| Número de control de estantería | E-13132 |
| Nota libre | - Enc. hol. |
| 856 ## - LOCALIZACIÓN Y ACCESO ELECTRÓNICOS | |
| Identificador Uniforme de Recursos | <a href="http://bdh-rd.bne.es/viewer.vm?id=0000038734&page=1 ">http://bdh-rd.bne.es/viewer.vm?id=0000038734&page=1 </a> |
| Nota pública | Biblioteca Digital Hispánica |
| Estatus retirado | Estado de pérdida | Estado de daño | No para préstamo | Colección | Biblioteca de origen | Biblioteca actual | Ubicación en estantería | Fecha de adquisición | Total de préstamos | Signatura topográfica completa | Código de barras | Visto por última vez | Precio de reemplazo | Tipo de ítem Koha |
|---|---|---|---|---|---|---|---|---|---|---|---|---|---|---|
| Colección digital | Biblioteca del Ateneo de Madrid | Biblioteca del Ateneo de Madrid | Depósito 2 | 17/01/2008 | E-13132 | 1168869 | 23/02/2023 | 23/02/2023 | Libro impreso antiguo |
